000 00536nam a2200145Ia 4500
008 100122s9999 xx 000 0 und d
082 _b54035
_a920.054
100 _aफाटक यति
245 _aआजच्या व्यक्ती आणि वल्ली
260 _bश्रध्दा प्रकाशन
_c1997
300 _a118
630 _aआजच्या व्यक्ती आणि वल्ली
730 _aआजच्या व्यक्ती आणि वल्ली
942 _cBOOK
999 _c430942
_d430939